Missing Word: Colorful Songs II Quiz Stats

 Plays Quiz Updated Dec 23, 2015

Challenge
Share
Tweet
Embed
Score 0/20 Timer 05:00
0 Plays Today
Song Missing Word % Correct
A Whiter ____ of PaleShade
93%
Black Magic ____Woman
89%
Purple ____Haze
81.9%
____ Yellow Brick RoadGoodbye
81.4%
____ With a Blue DressDevil
77.9%
Little Red ____ Corvette
76.2%
Brown ____ Sugar
75.9%
____ Fly (for a White Guy)Pretty
69.6%
White ____Rabbit
64%
____ in BlueRhapsody
58.8%
Song Missing Word % Correct
Black Hole ____Sun
55.3%
Red ____ CupSolo
51.7%
My Blue ___Heaven
42.5%
____ in Blue JeansForever
38.4%
Green ____River
37.7%
Red ____ BallRubber
37.3%
____ Brown ShoeOld
36.6%
Green ____Onions
29.2%
Blue ____, Blue DayMorning
25.5%
White ____ On DopePunks
12.8%

Today's Daily Dose

You're not logged in!

Compare scores with friends on all Sporcle quizzes.
OR
Log In

You Might Also Like...

Show Comments

Extras

Top Quizzes Today


Score Distribution

Your Account Isn't Verified!

In order to create a playlist on Sporcle, you need to verify the email address you used during registration. Go to your Sporcle Settings to finish the process.

Report this User

Report this user for behavior that violates our Community Guidelines.

Details: